000 00529nam a2200229Ia 4500
003 OSt
005 20220924142523.0
006 a|||||r|||| 00| 0
007 ta
008 ASM
024 _a302297
037 _cTextual
040 _aARTS
_cARTS
_bASM
041 _2ASM
_aASM
082 _aO158,3NSA2,1, L7
100 _aSaikia
_9213551
245 0 _aRomanthan
260 _c1977
650 _aASSAMESE LITERATURE
_911738
942 _hO158,3NSA2,1, L7
_cTEXL
_2CC
999 _c451021
_d451021